=LDR 00000nam 2200000 4500 =001 INLIS000000000014117 =005 20200225013833 =035 ##$$a 0010-061300000014117 =008 200225################g##########0#ind## =041 ##$$a Ind =082 ##$$a 155.5 =090 ##$$a 155.2, Wid i =100 ##$$a Widayatun, Tri Rusmi =245 1#$$a Ilmu prilaku, M.A.104 : $b Buku pegangan mahasiswa akper /$c Tri Rusmi Widayatun =260 ##$$a Jakarta :$b Fajar Interpratama,$c 1999 =300 ##$$a v, 267 hlm : $b ilus. ; $c 22 x 15 cm. =650 #4$$a Perilaku =850 ##$$a NBPNMAT =020 ##$$a 979-95213-5-1 =084 ##$$a 155.5 WID i =990 ##$$a 30502983